000
00286 a2200133 4500
001
154477
040
_c
Escola São Tomás de Aquino
100
_a
PIERCE, Lincoln
240
1
0
_a
Nate
_l
por
245
1
0
_a
Nate
362
0
_a
2012
697
_a
*LITERATURA INFANTO JUVENIL
942
_c
BK
999
_c
154477
_d
154477